000 00568nam a2200169 a 4500
008 120416s1928 ||||||||||||||||| || u
050 _aPG 2640 Gol
100 _aGolovinsky, M
245 1 2 _aA new English-russian and Russian-English dictionary
246 _aM. Golovinsiky
260 _aParis
_bGarnier Press
_c1928
300 _aviii, 764p.
350 _a0.00
650 _aENGLISH-RUSSIAN DICTIONARY
650 _aDICTIONARIES
995 _D0.00
_FCBU-MAIN LIBRARY (Kitwe)
_H1
_I0.00
_M1
_UREFERENCE
_ZReference Collection
999 _c52119
_d52119